El barco de papel / (Registro nro. 7201)

Detalles MARC
000 -LIDER
fixed length control field 00831nam a2200265 a 4500
001 - NÚMERO DE CONTROL
Identificador de número de control 000044164
003 - IDENTIFICACDOR DE NÚMERO DE CONTROL
control field DO-SdBNP
005 - DATE AND TIME OF LATEST TRANSACTION
control field 20180323161000.0
007 - CAMPOS FIJOS DE DESCRIPCIÓN FÍSICA
fixed length control field 000044164
008 - ELEMENTOS DE LONGITUD FIJA
fixed length control field 110613s2006 dr 000 0 spa d
020 ## - ISBN
International Standard Book Number 9945405659
040 ## - FUENTE DE CATALOGACIÓN
Agencia que crea de manera original el registro BPMSU
Idioma de catalogación spa
Agencia que realiza la transcripción BPMSU
049 ## - LOCAL HOLDINGS (OCLC)
Holding library BNPD
100 1# - ASIENTO PRINCIPAL -- NOMBRE PERSONAL
Nombre personal Hostos, Eugenio María de
245 10 - MENCIÓN DE TITULO
Título El barco de papel /
Mención de responsabilidad Eugenio María de Hostos ; editor Tomás Castro Burdiez.
250 ## - MENCIÓN DE EDICION
Mención de edición 3a ed.
260 ## - PUBLICACIÓN, DISTRIBUCIÓN, ETC. (PIE DE IMPRENTA)
Lugar de publicación, distribución, etc Santo Domingo :
Nombre del editor, distribuidor, etc. Fundación para la Educación y el Arte.,
Fecha de publicación, distribución, etc 2006.
300 ## - DESCRIPCIÓN FÍSICA
Extensión 16 p. ;
Dimensiones 22 cm.
490 1# - MENCIÓN DE SERIES
Mención de serie Cadernos educativos y culturales
Volume/sequential designation 17
700 1# - ASIENTO SECUNDARIO -- NOMBRE PERSONAL
Nombre personal Castro Burdiez, Tomás
Mención de responsabilidad ed.
830 #0 - ASIENTO SECUNDARIO DE SERIE--TÍTULO UNIFORME
Título uniforme Cadernos educativos y culturales
Volume number/sequential designation 17
942 ## - ADDED ENTRY ELEMENTS (KOHA)
Source of classification or shelving scheme Dewey Decimal Classification
Koha item type Libros
945 ## - INFORMACIÓN DE PROCESAMIENTO LOCAL
Información de procesamiento local Remanejada para la BNPHU, 2018 / VM
956 ## - LOCAL ELECTRONIC LOCATION AND ACCESS (OCLC)
Nombre de host VMATEO
Número de acceso 10
Información de compresión 20150729
Inicio de sesión BPMSU
Procesador de solicitud 0069
Existencias
Withdrawn status Lost status Source of classification or shelving scheme Damaged status Not for loan Home library Current library Date acquired Total Checkouts Barcode Date last seen Price effective from Koha item type Copy number Collection code
    Dewey Decimal Classification     Biblioteca Pública Metropolitana Salomé Ureña Biblioteca Pública Metropolitana Salomé Ureña 01/19/2015   BPMSU15040651 01/19/2015 01/19/2015 Libros    
    Dewey Decimal Classification     Biblioteca Pública Metropolitana Salomé Ureña Biblioteca Pública Metropolitana Salomé Ureña 01/19/2015   BPMSU15040652 01/19/2015 01/19/2015 Libros e. 2  
    Dewey Decimal Classification     Biblioteca Pública Metropolitana Salomé Ureña Biblioteca Pública Metropolitana Salomé Ureña 01/19/2015   BPMSU15040653 01/19/2015 01/19/2015 Libros e. 3  
    Dewey Decimal Classification     Biblioteca Pública Metropolitana Salomé Ureña Biblioteca Pública Metropolitana Salomé Ureña 01/28/2015   BPMET15040655 01/28/2015 01/28/2015 Libros 5 ej.  
    Dewey Decimal Classification     Biblioteca Pública Rafael Maria Baralt Biblioteca Pública Rafael Maria Baralt 10/29/2020   BPRMB20100008 10/29/2020 10/29/2020 Libros   Colección Dominicana